Checklist thông minh cho mọi dự án = Brilliant checklist fot project managers : 100 + cheklist tuyệt đỉnh công phá mọi dự án

Sách chứa một loạt checklist quan trọng dành cho các nhà quản lý dự án. Nó cung cấp một nguồn gợi ý, bí kíp và hướng dẫn toàn diện giúp bạn hoàn thành các nhiệm vụ tại nơi làm việc cũng như bàn giao được các dự án tuyệt vời....

وصف كامل

محفوظ في:
التفاصيل البيبلوغرافية
المؤلف الرئيسي: Newton, Richard
مؤلفون آخرون: Lan Chi (Dịch)
التنسيق: كتاب
اللغة:Vietnamese
منشور في: H. Lao động - Xã hội 2019
الموضوعات:
الوسوم: إضافة وسم
لا توجد وسوم, كن أول من يضع وسما على هذه التسجيلة!
Thư viện lưu trữ: Thư viện Trường Đại học Nam Cần Thơ
LEADER 01233nam a22002057a 4500
001 NCT_77807
008 200328b xxu||||| |||| 00| 0 vie d
999 |c 3791  |d 3791 
020 |a 9786046543527  |c 129000 
082 0 4 |2 23rd ed.  |a 658.404  |b N561 
100 1 |a Newton, Richard 
245 1 0 |a Checklist thông minh cho mọi dự án =   |b Brilliant checklist fot project managers : 100 + cheklist tuyệt đỉnh công phá mọi dự án  |c Richard Newton ; Lan Chi (dịch) 
260 |a H.  |b Lao động - Xã hội  |c 2019 
300 |a 352 tr.  |b bảng  |c 21cm 
520 3 |a Sách chứa một loạt checklist quan trọng dành cho các nhà quản lý dự án. Nó cung cấp một nguồn gợi ý, bí kíp và hướng dẫn toàn diện giúp bạn hoàn thành các nhiệm vụ tại nơi làm việc cũng như bàn giao được các dự án tuyệt vời. 
653 |a Quản trị kinh doanh 
700 0 |a Lan Chi  |e Dịch 
942 |2 ddc  |c BK 
952 |0 0  |1 0  |2 ddc  |4 0  |6 658_404000000000000_N561  |7 0  |9 19336  |a 000001  |b 000001  |d 2020-03-28  |o 658.404 N561  |p MD.17061  |r 2020-03-28  |v 129000.00  |w 2020-03-28  |y BK 
980 |a Thư viện Trường Đại học Nam Cần Thơ